Hiện trạng môi trường tỉnh Cần thơ giai đoạn 1994-1998

保存先:
書誌詳細
フォーマット: 図書
言語:Undetermined
出版事項: Cần Thơ Sở KHCN và Môi Trường tỉnh Cần Thơ 1999
主題:
タグ: タグ追加
タグなし, このレコードへの初めてのタグを付けませんか!
Thư viện lưu trữ: Trung tâm Học liệu Trường Đại học Cần Thơ
LEADER 00506nam a2200157Ia 4500
001 CTU_39023
008 210402s9999 xx 000 0 und d
082 |a 363.7 
082 |b H305 
245 0 |a Hiện trạng môi trường tỉnh Cần thơ giai đoạn 1994-1998 
260 |a Cần Thơ 
260 |b Sở KHCN và Môi Trường tỉnh Cần Thơ 
260 |c 1999 
650 |a environment 
904 |i Liên, 000802 
980 |a Trung tâm Học liệu Trường Đại học Cần Thơ